00345nam a2200133Ia 4500008004100000041000800041082001600049100002000065245003200085260004600117300001200163365000700175650002900182210719s1963 xx 000 0 und d aeng a813.54 INNC aINNES (Michael) aCase of the journeying boy. aN YbBerkley Publishing Corporationc1963 a288bPB cRs aAmerican English Fiction